Hasła Wyborcze Kandydatów na Prezydenta 2025 - Statystyki

Ogólne statystyki
  • Ten quiz został rozwiązany 53 razy
  • Średni wynik to 9 z 11
Statystyki odpowiedzi
Kandydat Hasło Wyborcze % Poprawnych
Rafał Trzaskowski Cała Polska naprzód!; Wygra cała Polska!
96%
Krzysztof Stanowski Vamos Polska!; Zero konkretów
90%
Grzegorz Braun Tu jest Polska
86%
Karol Nawrocki Dobre życie Polaków; Po pierwsze Polska, po pierwsze Polacy
84%
Sławomir Mentzen Silna, bogata Polska; Niemożliwe nie istnieje
84%
Magdalena Biejat Łączy nas więcej
80%
Marek Jakubiak Jeszcze Polska nie zginęła, kiedy my żyjemy
78%
Szymon Hołownia To ludzie są najważniejsi; Prezydent pokoju
76%
Adrian Zandberg Po twojej stronie
73%
Maciej Maciak Prezydent, którego potrzebujemy
61%
Artur Bartoszewicz Zdrowy rozsądek na chore czasy
55%
Nie znaleziono quizów pasujących do podanych kryteriów
Rozkład punktacji
Procent ludzi z każdym wynikiem
Percentyl według liczby udzielonych odpowiedzi
Twoja historia wyników
Nie rozwiązałeś tego quizu